A review of anatomical neurology /

Bibliographic Details
Main Author: Ingram, Walter Robinson, 1905-
Format: Book
Language:English
Published: Baltimore : University Park Press, [1976]
Subjects:

MARC

Tag First Indicator Second Indicator Subfields
LEADER 00000pam a2200000 i 4500
001 in00000075817
005 20151008054853.0
008 760831s1976 mdua b 00110 eng
010 |a  76041886  
020 |a 083910961X 
035 |a (OCoLC)02439485 
035 |9 AAJ1919AM 
040 |a DLC  |c DLC  |d TXA  |d UtOrBLW 
049 |a TXAM  |c [1573328] 
050 0 0 |a QP355.2  |b .I53 
060 0 |a WL101 I54r 
082 0 |a 612/.8 
100 1 |a Ingram, Walter Robinson,  |d 1905- 
245 1 2 |a A review of anatomical neurology /  |c by Walter Robinson Ingram. 
264 1 |a Baltimore :  |b University Park Press,  |c [1976] 
264 4 |c ©1976 
300 |a vii, 428 pages :  |b illustrations ;  |c 24 cm. 
336 |a text  |b txt  |2 rdacontent 
337 |a unmediated  |b n  |2 rdamedia 
338 |a volume  |b nc  |2 rdacarrier 
504 |a Includes bibliographies and index. 
650 0 |a Neurophysiology  |x Outlines, syllabi, etc. 
650 0 |a Neuroanatomy  |x Outlines, syllabi, etc. 
650 2 |a Nervous System. 
650 2 |a Nervous System  |x anatomy & histology. 
999 |a MARS 
999 f f |s 79799131-5433-37e6-89d8-e31bb38f4857  |i bffb9f7a-3ff2-3fab-b3e7-6e27aaecf79c  |t 0 
952 f f |p ric  |a Texas A&M University  |b Rellis Campus  |c Joint Library Facility  |d Remote Storage  |t 0  |e QP355.2 .I53  |h Library of Congress classification  |i unmediated -- volume  |m A14805009624 
998 f f |a QP355.2 .I53  |t 0  |l Remote Storage